000 00518nam a2200157Ia 4500
003 0
005 20250203114000.0
008 140724s9999 xx 000 0 und d
050 _aHF 5415
_b.R621 2013
100 _aRivera, Marria Dennise F.
245 _a"Improvement of customer satisfaction in Kat's Café" /
_cMarria Dennise F. Rivera.
260 _aLas Piñas, Philippines :
_bSouthville International School and Colleges,
_cc2013.
300 _a76 p. :
_bcol. ill. ;
_c28 cm.
942 _cTH
_2lcc
999 _c229209
_d229209